[Event "Coppa del Mondo FIDE 2013"]
[Site "Tromsø"]
[Date "11.08.2013"]
[Round "1.1"]
[White "G., Akash"]
[Black "Caruana, Fabiano"]
[Result "0-1"]
[WhiteTitle "IM"]
[BlackTitle "GM"]
[WhiteElo "2340"]
[BlackElo "2796"]
[WhiteFideId "5040299"]
[BlackFideId "2020009"]
[EventDate "2013.08.11"]

1. e4 e6 2. d4 d5 3. Nc3 Nf6 4. Bg5 dxe4 5. Nxe4 Be7 6. Bxf6 gxf6 7. Nf3 f5 8.
Nc3 a6 9. g3 b5 10. Bg2 Bb7 11. O-O c5 12. dxc5 Bxc5 13. Qxd8+ Kxd8 14. Ne5 Bxg2
15. Kxg2 Ke7 16. Rad1 Ra7 17. a4 b4 18. Ne2 Rc8 19. b3 Nd7 20. Nxd7 Rxd7 21.
Rxd7+ Kxd7 22. Rd1+ Bd6 23. Rd2 e5 24. Nc1 Ke6 25. Re2 e4 26. f3 Kd5 27. Rd2+
Ke5 28. Re2 Rc3 29. Nd3+ Kd5 30. Ne1 Bc5 31. f4 Be3 32. Kf1 Bc1 33. Ng2 e3 34.
Ke1 Ke4 35. Kd1 Bd2 36. Nh4 Rc6 37. c4 bxc3 38. Kc2 a5 39. Rg2 Rh6 40. Re2 Rxh4
41. gxh4 0-1

[Event "Coppa del Mondo FIDE 2013"]
[Site "Tromsø"]
[Date "11.08.2013"]
[Round "1.1"]
[White "Bjelobrk, Igor"]
[Black "Grischuk, Alexander"]
[Result "0-1"]
[WhiteTitle "IM"]
[BlackTitle "GM"]
[WhiteElo "2341"]
[BlackElo "2785"]
[WhiteFideId "4300726"]
[BlackFideId "4126025"]
[EventDate "2013.08.11"]

1. Nf3 Nf6 2. c4 g6 3. Nc3 Bg7 4. e4 d6 5. d4 O-O 6. h3 e5 7. d5 a5 8. Be2 Na6
9. Bg5 Qe8 10. Nd2 Nd7 11. a3 f6 12. Bh4 Nb6 13. b3 Bd7 14. Rb1 Nc5 15. Qc2 f5
16. b4 axb4 17. axb4 Nxe4 18. Ndxe4 fxe4 19. Bg5 e3 20. Bxe3 Bf5 21. Ne4 Qa4 22.
Qd3 Qa2 23. Bxb6 Ra3 24. Be3 Rxd3 25. Bxd3 Bxe4 26. Bxe4 Bh6 27. O-O Bxe3 28.
fxe3 Rxf1+ 0-1

[Event "Coppa del Mondo FIDE 2013"]
[Site "Tromsø"]
[Date "11.08.2013"]
[Round "1.1"]
[White "Karjakin, Sergey"]
[Black "Ali, Sebbar"]
[Result "1-0"]
[WhiteTitle "GM"]
[BlackTitle "IM"]
[WhiteElo "2772"]
[BlackElo "2371"]
[WhiteFideId "14109603"]
[BlackFideId "8100977"]
[EventDate "2013.08.11"]

1. e4 d5 2. exd5 Qxd5 3. Nc3 Qa5 4. d4 Nf6 5. Nf3 Nc6 6. Bb5 Nd5 7. a4 a6 8.
Bxc6+ bxc6 9. Bd2 Nxc3 10. Bxc3 Qd5 11. Qe2 Bg4 12. h3 Bxf3 13. gxf3 e6 14. Rg1
f6 15. O-O-O Kf7 16. b3 Bd6 17. Qe4 Qxe4 18. fxe4 Rhd8 19. Kb2 Rd7 20. Rd3 Rad8
21. Rgd1 h5 22. f3 g5 23. Ba5 f5 24. Kc3 e5 25. exf5 exd4+ 26. Kc4 Be5 27. Re1
Bf6 28. Re6 Rd5 29. Bxc7 Rc8 30. Bb6 Rxf5 31. Rd6 Be5 32. Rd7+ Ke6 33. Ra7 Rcf8
34. Bc5 Bd6 35. Bxd6 Kxd6 36. Rxd4+ Rd5 37. Rh7 Rxd4+ 38. Kxd4 Rf4+ 39. Ke3 h4
40. Rh8 Rf5 41. Rd8+ Ke6 42. Rd4 a5 43. f4 gxf4+ 44. Rxf4 Rc5 45. Kd3 Rh5 46.
Rd4 c5 47. Rg4 Kd5 48. Kc3 Rf5 49. Rxh4 Rf3+ 50. Kb2 Rg3 51. Rh8 c4 52. Rh5+ Kd6
53. Rxa5 c3+ 54. Ka3 1-0

[Event "Coppa del Mondo FIDE 2013"]
[Site "Tromsø"]
[Date "11.08.2013"]
[Round "1.1"]
[White "El Gindy, Essam"]
[Black "Dominguez Perez, Leinier"]
[Result "0-1"]
[WhiteTitle "GM"]
[BlackTitle "GM"]
[WhiteElo "2487"]
[BlackElo "2757"]
[WhiteFideId "10600140"]
[BlackFideId "3503240"]
[EventDate "2013.08.11"]

1. d4 Nf6 2. c4 g6 3. Nc3 d5 4. cxd5 Nxd5 5. e3 Bg7 6. Nxd5 Qxd5 7. Ne2 O-O 8.
Nc3 Qd8 9. Be2 c5 10. d5 e6 11. e4 exd5 12. exd5 Qb6 13. O-O Bf5 14. Bg4 Bxg4
15. Qxg4 Na6 16. Rd1 Rfe8 17. h3 Bd4 18. Ne2 Be5 19. Bg5 Qxb2 20. Rab1 Qc2 21.
Ng3 Bd6 22. Bf6 b5 23. Qg5 Nc7 24. Rbc1 Qa4 25. Nh5 Re4 26. Ba1 Kf8 27. Bg7+ Kg8
28. Bc3 Kf8 29. Nf6 Bf4 30. Nxh7+ Ke8 31. Nf6+ Kd8 32. Qg4 Bh2+ 33. Kxh2 Rxg4
34. hxg4 Ne8 35. Kg1 Nxf6 36. Bxf6+ Kd7 37. Re1 Re8 38. Rxe8 Kxe8 39. Rxc5 Qd1+
40. Kh2 Qxg4 41. Kg1 Qf5 42. Bh4 g5 43. Bg3 Qb1+ 44. Kh2 Qh7+ 45. Kg1 Qb1+ 46.
Kh2 f5 47. Be5 Qxa2 48. d6 Qxf2 49. Rc8+ Kf7 50. Rc7+ Kg6 51. Re7 f4 52. d7 f3
53. Rg7+ Kh6 54. Rxg5 fxg2 55. Bg7+ Kh7 56. Rxg2 Qh4+ 57. Kg1 Qe1+ 58. Kh2 Qe7
59. Rd2 Qh4+ 60. Kg1 Qe1+ 0-1

[Event "Coppa del Mondo FIDE 2013"]
[Site "Tromsø"]
[Date "11.08.2013"]
[Round "1.1"]
[White "Ponomariov, Ruslan"]
[Black "Hansen, Torbjorn Ringdal"]
[Result "1-0"]
[WhiteTitle "GM"]
[BlackTitle "IM"]
[WhiteElo "2756"]
[BlackElo "2492"]
[WhiteFideId "14103320"]
[BlackFideId "1501720"]
[EventDate "2013.08.11"]

1. e4 c5 2. Nf3 d6 3. d4 cxd4 4. Nxd4 Nf6 5. Nc3 g6 6. Be3 Bg7 7. f3 O-O 8. Qd2
Nc6 9. O-O-O d5 10. exd5 Nxd5 11. Nxc6 bxc6 12. Bd4 e5 13. Bc5 Be6 14. Ne4 Re8
15. h4 h5 16. Bc4 Qc7 17. Bb3 a5 18. a4 Nf4 19. Bd6 Qb6 20. Bxe6 Nxe6 21. g4 Qd4
22. Qxd4 Nxd4 23. g5 Rad8 24. c3 Nf5 25. b3 Rd7 26. Bc5 Rd5 27. Bf2 Red8 28. c4
Rxd1+ 29. Rxd1 Nd4 30. Kb2 Kf8 31. Bxd4 exd4 32. b4 axb4 33. Kb3 Ke7 34. a5 Kd7
35. Kxb4 Rb8+ 36. Ka4 Kc7 37. c5 Rb5 38. Nd6 Rb8 39. a6 Be5 40. Nxf7 Bg3 41.
Rxd4 Ra8 42. Kb4 Rxa6 43. Re4 Kd7 44. Nh8 Ra1 45. Nxg6 Rb1+ 46. Kc4 Rc1+ 47. Kd3
Rxc5 48. Nf8+ 1-0

[Event "Coppa del Mondo FIDE 2013"]
[Site "Tromsø"]
[Date "11.08.2013"]
[Round "1.1"]
[White "Liu, Qingnan"]
[Black "Wang, Hao"]
[Result "1/2-1/2"]
[WhiteTitle "IM"]
[BlackTitle "GM"]
[WhiteElo "2500"]
[BlackElo "2747"]
[WhiteFideId "8603294"]
[BlackFideId "8602883"]
[EventDate "2013.08.11"]

1. e4 e6 2. d4 d5 3. Nc3 Nf6 4. Bg5 dxe4 5. Nxe4 Nbd7 6. Nf3 h6 7. Nxf6+ Nxf6 8.
Bh4 c5 9. Bb5+ Bd7 10. Bxd7+ Qxd7 11. dxc5 Bxc5 12. Qxd7+ Kxd7 13. Rd1+ Ke7 14.
c3 g5 15. Bg3 Rhd8 16. Ke2 Nh5 17. Ne5 f6 18. Nd3 Bb6 19. f3 e5 20. Be1 Ke6 21.
g3 f5 22. Bf2 Nf6 23. Rhe1 e4 24. Nc5+ Bxc5 25. Bxc5 Rxd1 26. Rxd1 exf3+ 27.
Kxf3 Ne4 28. Be3 h5 29. Rd4 Rc8 30. c4 a6 31. b3 b5 32. Ke2 bxc4 33. Rxc4 Rxc4
34. bxc4 Kd6 35. a3 1/2-1/2

[Event "Coppa del Mondo FIDE 2013"]
[Site "Tromsø"]
[Date "11.08.2013"]
[Round "1.1"]
[White "Wan, Yunguo"]
[Black "Adams, Michael"]
[Result "1/2-1/2"]
[WhiteTitle "IM"]
[BlackTitle "GM"]
[WhiteElo "2512"]
[BlackElo "2740"]
[WhiteFideId "8603189"]
[BlackFideId "400041"]
[EventDate "2013.08.11"]

1. e4 e5 2. Nf3 Nc6 3. d4 exd4 4. Nxd4 Bc5 5. Nb3 Bb6 6. Nc3 d6 7. Qe2 Nf6 8.
Be3 Qe7 9. O-O-O Be6 10. Kb1 O-O-O 11. Nd5 Bxd5 12. exd5 Ne5 13. Bxb6 cxb6 14.
f3 Kb8 15. Qf2 Qc7 16. c3 a6 17. Be2 Rhe8 18. Rhe1 b5 19. g4 h6 20. h4 g5 21.
Qd4 Ned7 22. Bd3 Rxe1 23. Rxe1 Ne5 24. Rh1 Qe7 25. hxg5 hxg5 26. Be2 Re8 27. Rh2
Ng6 28. a4 Nf4 29. Nc1 Qe5 30. Qxe5 Rxe5 31. axb5 axb5 32. Bxb5 N6xd5 33. Bc4 f6
34. Bxd5 Nxd5 35. Ne2 Ne3 1/2-1/2

[Event "Coppa del Mondo FIDE 2013"]
[Site "Tromsø"]
[Date "11.08.2013"]
[Round "1.1"]
[White "Vitiugov, Nikita"]
[Black "Holt, Conrad"]
[Result "1-0"]
[WhiteTitle "GM"]
[BlackTitle "GM"]
[WhiteElo "2719"]
[BlackElo "2539"]
[WhiteFideId "4152956"]
[BlackFideId "2034387"]
[EventDate "2013.08.11"]

1. d4 d5 2. c4 c6 3. Nf3 Nf6 4. Nc3 dxc4 5. a4 Bf5 6. Ne5 Nbd7 7. Nxc4 Nb6 8.
Ne5 a5 9. e3 g6 10. Bd3 Be6 11. O-O Bg7 12. f4 Nfd5 13. Nf3 f5 14. Ng5 Qd6 15.
Bd2 O-O 16. Ne2 Kh8 17. Rc1 Bg8 18. e4 fxe4 19. Nxe4 Qc7 20. Ng5 Nb4 21. Bb1 Bf6
22. f5 gxf5 23. Bxf5 e5 24. Ng3 exd4 25. N3e4 N6d5 26. Qh5 Nd3 27. Rb1 N3f4 28.
Qg4 Be5 29. Nf3 Qg7 30. Nxe5 Rxf5 31. Qxg7+ Kxg7 32. Nf3 Ne6 33. Nd6 Rf6 34.
Nxb7 Ne3 35. Bxe3 dxe3 36. Rfe1 Rf4 37. Rxe3 Rxa4 38. Ne5 Nd4 39. Rf1 Rb4 40.
Nd6 h6 41. Nd3 Rb3 42. Re7+ Kg6 43. Ne5+ Kh5 44. Rg7 Be6 45. Ne4 Ne2+ 46. Kh1
Rd8 47. Nf6+ Kh4 48. Ng6+ Kg5 49. h4# 1-0

[Event "Coppa del Mondo FIDE 2013"]
[Site "Tromsø"]
[Date "11.08.2013"]
[Round "1.1"]
[White "Salem, A.R. Saleh"]
[Black "Giri, Anish"]
[Result "0-1"]
[WhiteTitle "GM"]
[BlackTitle "GM"]
[WhiteElo "2556"]
[BlackElo "2737"]
[WhiteFideId "9301348"]
[BlackFideId "24116068"]
[EventDate "2013.08.11"]

1. d4 d5 2. c4 e6 3. Nc3 Be7 4. Nf3 Nf6 5. Bg5 h6 6. Bxf6 Bxf6 7. e3 O-O 8. Rc1
c6 9. h4 g6 10. h5 g5 11. Bd3 Bg7 12. Bb1 dxc4 13. Ne5 c5 14. O-O cxd4 15. exd4
Nc6 16. Nxc6 bxc6 17. Qc2 f5 18. Rfd1 Qe8 19. Qe2 Ba6 20. Na4 Rd8 21. Nc5 Bc8
22. Rxc4 e5 23. Ra4 Qe7 24. Bd3 Rfe8 25. g4 fxg4 26. Qe4 exd4 27. Qh7+ Kf8 28.
Bc4 Rd5 29. Bxd5 cxd5 30. Qc2 Kg8 31. Ra3 Rf8 32. b4 Bf5 33. Qb3 Qf7 34. Qg3 Re8
35. Rc1 Be5 36. Qg2 Bf4 37. Rd1 Kg7 38. Qf1 Qxh5 39. Rg3 Bxg3 40. fxg3 Re3 41.
Rd2 Rxg3+ 42. Rg2 Qh3 0-1

[Event "Coppa del Mondo FIDE 2013"]
[Site "Tromsø"]
[Date "11.08.2013"]
[Round "1.1"]
[White "Ivanchuk, Vassily"]
[Black "Duda, Jan-Krzysztof"]
[Result "1/2-1/2"]
[WhiteTitle "GM"]
[BlackTitle "IM"]
[WhiteElo "2731"]
[BlackElo "2534"]
[WhiteFideId "14100010"]
[BlackFideId "1170546"]
[EventDate "2013.08.11"]

1. d4 Nf6 2. c4 e6 3. Nc3 Bb4 4. Qc2 d5 5. a3 Bxc3+ 6. Qxc3 O-O 7. Bg5 dxc4 8.
Qxc4 b6 9. Nf3 Ba6 10. Qa4 c5 11. dxc5 bxc5 12. Rc1 Qb6 13. Bxf6 gxf6 14. Rc2
Nc6 15. e3 Bxf1 16. Rxf1 Rfd8 17. Ke2 Na5 18. Nd2 Rab8 19. Rfc1 Rxd2+ 20. Rxd2
Nb3 21. Rcd1 Nxd2 22. Rxd2 Kf8 23. Qh4 Qb5+ 24. Ke1 Kg7 25. Qg3+ Kf8 26. Qf4 Kg7
27. Qc7 c4 28. Qxa7 c3 29. bxc3 Qb1+ 30. Rd1 Qb2 31. Kf1 Qc2 32. Qd4 Rb2 33.
Qg4+ Kf8 34. Qf3 Rb1 35. Rxb1 1/2-1/2

[Event "Coppa del Mondo FIDE 2013"]
[Site "Tromsø"]
[Date "11.08.2013"]
[Round "1.1"]
[White "Andreikin, Dmitry"]
[Black "Darini, Pouria"]
[Result "1/2-1/2"]
[WhiteTitle "GM"]
[BlackTitle "GM"]
[WhiteElo "2716"]
[BlackElo "2535"]
[WhiteFideId "4158814"]
[BlackFideId "12502200"]
[EventDate "2013.08.11"]

1. d4 Nf6 2. c4 g6 3. Nc3 d5 4. cxd5 Nxd5 5. Bd2 Bg7 6. e4 Nxc3 7. Bxc3 O-O 8.
Be2 c5 9. d5 Bxc3+ 10. bxc3 e6 11. Nf3 exd5 12. exd5 Bg4 13. O-O Qd6 14. Qb3 b6
15. Qa4 Bxf3 16. Bxf3 Nd7 17. Rfe1 Ne5 18. Be2 Qxd5 19. Rad1 Qc6 20. Bb5 Qf6 21.
Qe4 a6 22. Ba4 b5 23. Qxe5 Qxe5 24. Rxe5 bxa4 25. Rxc5 Rfc8 26. Ra5 Rxc3 1/2-1/2

[Event "Coppa del Mondo FIDE 2013"]
[Site "Tromsø"]
[Date "11.08.2013"]
[Round "1.1"]
[White "Durarbayli, Vasif"]
[Black "Korobov, Anton"]
[Result "1/2-1/2"]
[WhiteTitle "GM"]
[BlackTitle "GM"]
[WhiteElo "2567"]
[BlackElo "2720"]
[WhiteFideId "13402935"]
[BlackFideId "14105730"]
[EventDate "2013.08.11"]

1. e4 c5 2. Nf3 d6 3. d4 cxd4 4. Nxd4 Nf6 5. Nc3 a6 6. Be2 e5 7. Nb3 Be7 8. O-O
O-O 9. Re1 Be6 10. Bf3 Nbd7 11. a4 Rc8 12. Nd2 Re8 13. Nf1 Nf8 14. Ne3 Ng6 15.
g3 Bf8 16. Qd3 Ne7 17. Bg2 Qd7 18. b3 Bh3 19. Bh1 Nc6 20. Ncd5 Nxd5 21. Nxd5 Nd4
22. c4 Qg4 23. Bb2 Ne6 24. Bf3 Qg6 25. Qd1 Nf4 26. Nxf4 exf4 27. Bh5 Qh6 28. Bc1
Rc5 29. Bf3 g5 30. gxf4 gxf4 31. Kh1 Re6 32. Rg1+ Rg6 33. Rxg6+ hxg6 34. Ba3 Rg5
35. Bxd6 Qh4 36. Ra2 Bxd6 37. Qxd6 Be6 38. Qd2 Kh7 39. Ra1 Bg4 40. Qxf4 Qxf2 41.
Qxf7+ Kh6 42. Qf8+ Kh7 43. Qf7+ Kh6 1/2-1/2

[Event "Coppa del Mondo FIDE 2013"]
[Site "Tromsø"]
[Date "11.08.2013"]
[Round "1.1"]
[White "Vachier-Lagrave, Maxime"]
[Black "Shabalov, Alexander"]
[Result "1-0"]
[WhiteTitle "GM"]
[BlackTitle "GM"]
[WhiteElo "2719"]
[BlackElo "2546"]
[WhiteFideId "623539"]
[BlackFideId "2008572"]
[EventDate "2013.08.11"]

1. e4 c6 2. d4 d5 3. e5 Bf5 4. Nf3 e6 5. Be2 Nd7 6. O-O Bg6 7. a4 Nh6 8. a5 a6
9. Bf4 Be7 10. c4 Nf5 11. h3 O-O 12. Nc3 Nh4 13. Nxh4 Bxh4 14. Be3 dxc4 15. Bxc4
c5 16. f4 cxd4 17. Qxd4 Rc8 18. Rfd1 Nb8 19. Be2 Qxd4 20. Bxd4 Nc6 21. Bb6 f6
22. exf6 Bxf6 23. Rd7 Rf7 24. Rad1 Re8 25. Rxf7 Bxf7 26. Bf3 Re7 27. Rd6 Be8 28.
Bg4 Bf7 29. Bf3 Be8 30. Kf1 h6 31. Ke1 Kf7 32. Bg4 Bxc3+ 33. bxc3 e5 34. f5 Rd7
35. Re6 Re7 36. Rd6 Rd7 37. Rg6 Rd3 38. Be2 Rxc3 39. Kd2 1-0

[Event "Coppa del Mondo FIDE 2013"]
[Site "Tromsø"]
[Date "11.08.2013"]
[Round "1.1"]
[White "Navara, David"]
[Black "Mareco, Sandro"]
[Result "1-0"]
[WhiteTitle "GM"]
[BlackTitle "GM"]
[WhiteElo "2715"]
[BlackElo "2561"]
[WhiteFideId "309095"]
[BlackFideId "112275"]
[EventDate "2013.08.11"]

1. d4 Nf6 2. c4 e6 3. Nf3 b6 4. g3 Ba6 5. Qb3 Nc6 6. Nbd2 Na5 7. Qa4 Bb7 8. Bg2
c5 9. dxc5 bxc5 10. O-O Be7 11. Ne5 Bxg2 12. Kxg2 O-O 13. Ndf3 Qc7 14. Bg5 Rfb8
15. Bd2 Nb7 16. Rad1 Rc8 17. Bg5 d6 18. Nd3 h6 19. Bxf6 Bxf6 20. Rd2 Na5 21. Rc1
Nc6 22. Qd1 a5 23. Nf4 Be7 24. e3 a4 25. Ne2 Qb7 26. Nc3 Ne5 27. Qe2 Rcb8 28.
Rcc2 Ra6 29. e4 Nc6 30. Rc1 Na7 31. Kg1 Bf6 32. e5 Bxe5 33. Nxe5 dxe5 34. Qxe5
Qb4 35. Ne4 Ra5 36. Qc7 Rc8 37. Rd8+ Rxd8 38. Qxd8+ Kh7 39. Rd1 Ra6 40. Nf6+ Kg6
41. Nd7 1-0

[Event "Coppa del Mondo FIDE 2013"]
[Site "Tromsø"]
[Date "11.08.2013"]
[Round "1.1"]
[White "Agdestein, Simen"]
[Black "Bacrot, Etienne"]
[Result "0-1"]
[WhiteTitle "GM"]
[BlackTitle "GM"]
[WhiteElo "2567"]
[BlackElo "2714"]
[WhiteFideId "1500015"]
[BlackFideId "605506"]
[EventDate "2013.08.11"]

1. d4 Nf6 2. c4 g6 3. Nc3 Bg7 4. e4 d6 5. Be2 O-O 6. Bg5 Na6 7. Qd2 c6 8. Nf3 e5
9. O-O exd4 10. Nxd4 Nc5 11. f3 Nfxe4 12. Nxe4 Nxe4 13. fxe4 Bxd4+ 14. Qxd4 Qxg5
15. Qxd6 Rd8 16. Qa3 Rd2 17. Rfe1 Be6 18. Qc3 Rad8 19. c5 R8d4 20. b3 Rxe4 21.
Bf3 Red4 22. Re3 Bd5 23. Re8+ Kg7 24. Bxd5 Qxd5 25. Qg3 Rd1+ 26. Rxd1 Rxd1+ 27.
Re1 Qxc5+ 0-1

[Event "Coppa del Mondo FIDE 2013"]
[Site "Tromsø"]
[Date "11.08.2013"]
[Round "1.1"]
[White "Le, Quang Liem"]
[Black "Barbosa, Oliver"]
[Result "1-0"]
[WhiteTitle "GM"]
[BlackTitle "GM"]
[WhiteElo "2702"]
[BlackElo "2571"]
[WhiteFideId "12401137"]
[BlackFideId "5201640"]
[EventDate "2013.08.11"]

1. d4 d5 2. c4 c6 3. Nc3 dxc4 4. e3 b5 5. a4 b4 6. Ne4 Qd5 7. Ng3 Nf6 8. Be2 e6
9. e4 Qa5 10. Bxc4 Ba6 11. b3 Nbd7 12. Nf3 Be7 13. O-O O-O 14. Bf4 Rac8 15. Qe2
Bb7 16. Rac1 Rfe8 17. Rfd1 c5 18. d5 exd5 19. exd5 Bf8 20. Qd3 Nb6 21. Qf5 Nxc4
22. bxc4 Rcd8 23. Be5 Bc8 24. Qf4 Qa6 25. d6 Ng4 26. Ne4 f6 27. Ba1 Qc6 28. Rd5
f5 29. Nxc5 Rxd6 30. Nd4 Qb6 31. a5 Qd8 32. h3 Nf6 33. Nc6 Nxd5 34. cxd5 Qc7 35.
Be5 Rxe5 36. Nxe5 Rxd5 37. Ncd7 Qb7 38. Nxf8 b3 39. Qc4 b2 40. Rb1 Kxf8 41. Rxb2
Qxb2 42. Qxc8+ Ke7 43. Qc7+ 1-0

[Event "Coppa del Mondo FIDE 2013"]
[Site "Tromsø"]
[Date "11.08.2013"]
[Round "1.1"]
[White "Kaidanov, Gregory S"]
[Black "Areshchenko, Alexander"]
[Result "0-1"]
[WhiteTitle "GM"]
[BlackTitle "GM"]
[WhiteElo "2574"]
[BlackElo "2709"]
[WhiteFideId "2008564"]
[BlackFideId "14109530"]
[EventDate "2013.08.11"]

1. e4 c5 2. c3 d5 3. exd5 Qxd5 4. d4 Nf6 5. Nf3 Bg4 6. Be2 e6 7. h3 Bh5 8. O-O
Nc6 9. Be3 cxd4 10. cxd4 Be7 11. Nc3 Qd6 12. Qb3 O-O 13. a3 a6 14. Rfd1 Rfd8 15.
Rac1 h6 16. g4 Bg6 17. Ne5 Nxe5 18. dxe5 Qxe5 19. Qxb7 Re8 20. Qb6 Rab8 21. f4
Qxf4 22. Bxf4 Rxb6 23. b4 Nd5 24. Nxd5 exd5 25. Rxd5 Bxb4 26. Bxa6 Bxa3 27. Rc8
Rb1+ 28. Kf2 Rb2+ 29. Rd2 Rxc8 30. Bxc8 Bc5+ 31. Kg2 Be4+ 32. Kh2 Rb3 33. Re2
Bd3 34. Ra2 Kf8 35. Ba6 Be4 36. Re2 Rb4 37. Be5 f6 38. Bc3 Bd6+ 39. Kg1 Rb1+ 40.
Re1 Bc5+ 41. Kh2 Rb6 42. Rxe4 Rxa6 43. Bb4 Bxb4 44. Rxb4 Ra2+ 45. Kg3 Ra3+ 46.
Kg2 Kf7 47. Rb7+ Kg6 48. Rc7 Re3 49. Ra7 h5 50. gxh5+ Kh6 51. h4 Re5 52. Kg3
Rxh5 53. Ra8 Rb5 54. Rc8 Kh5 55. Rh8+ Kg6 56. Ra8 Kf5 57. Ra3 Rb4 58. Ra5+ Kg6
59. Rc5 f5 60. Ra5 Rb3+ 61. Kg2 Rb6 62. Kg3 Kf6 63. Kf4 Rb4+ 64. Kg3 Rg4+ 65.
Kh3 Re4 66. Kg3 g6 67. Ra7 Re3+ 68. Kg2 Re7 69. Ra5 Re5 70. Ra7 Rd5 71. Kg3 Rd3+
72. Kg2 f4 73. Ra5 Rg3+ 74. Kh2 Re3 75. Kg2 Re5 76. Ra8 Kf5 77. Rg8 Re2+ 78. Kf3
Re3+ 79. Kg2 Rg3+ 80. Kf2 Rh3 81. Rh8 Kg4 82. Rg8 Rf3+ 83. Ke2 Re3+ 84. Kf2 Re6
85. Rh8 Ra6 86. Rf8 Ra2+ 87. Ke1 Kf3 88. Rf6 Ra1+ 89. Kd2 Rg1 90. Kd3 Rg4 91.
Kd2 Kf2 0-1

[Event "Coppa del Mondo FIDE 2013"]
[Site "Tromsø"]
[Date "11.08.2013"]
[Round "1.1"]
[White "Ramirez, Alejandro"]
[Black "Tomashevsky, Evgeny"]
[Result "1/2-1/2"]
[WhiteTitle "GM"]
[BlackTitle "GM"]
[WhiteElo "2588"]
[BlackElo "2706"]
[WhiteFideId "6500617"]
[BlackFideId "4147235"]
[EventDate "2013.08.11"]

1. e4 e5 2. Nf3 Nc6 3. Bb5 a6 4. Ba4 Nf6 5. O-O Be7 6. d3 b5 7. Bb3 d6 8. a3 O-O
9. Nc3 Bg4 10. Be3 Nd4 11. Bxd4 exd4 12. Nd5 Nd7 13. h3 Bxf3 14. Qxf3 c6 15. Nf4
g6 16. Qg4 Kh8 17. Ne2 Bf6 18. f4 Bg7 19. Qf3 Rb8 20. e5 dxe5 21. Qxc6 f5 22. a4
Rb6 23. Qd5 Qc7 24. axb5 Rxb5 25. Qc4 Qxc4 26. dxc4 Rb6 27. fxe5 d3 28. Nf4 dxc2
29. Bxc2 Bxe5 30. Nd3 Bxb2 31. Nxb2 Rxb2 32. Ba4 Nc5 33. Bc6 Rc8 34. Bd5 Rc7 35.
g4 fxg4 36. hxg4 Kg7 37. Ra5 Re2 38. Rf3 Re5 39. Kg2 Kh6 40. Rf7 Rxf7 41. Bxf7
Kg5 42. Kf3 Kh4 43. Bg8 h6 44. Bf7 Kg5 45. Bd5 Nb3 46. Rxa6 Nd4+ 47. Kg3 Re3+
48. Kf2 Re2+ 49. Kg3 h5 50. gxh5 gxh5 51. Ra8 h4+ 1/2-1/2

[Event "Coppa del Mondo FIDE 2013"]
[Site "Tromsø"]
[Date "11.08.2013"]
[Round "1.1"]
[White "So, Wesley"]
[Black "Ipatov, Alexander"]
[Result "1-0"]
[WhiteTitle "GM"]
[BlackTitle "GM"]
[WhiteElo "2710"]
[BlackElo "2584"]
[WhiteFideId "5202213"]
[BlackFideId "14116731"]
[EventDate "2013.08.11"]

1. e4 e5 2. Nf3 Nf6 3. Nxe5 d6 4. Nf3 Nxe4 5. d4 d5 6. Bd3 Bd6 7. O-O O-O 8. c4
c6 9. Nc3 Nxc3 10. bxc3 dxc4 11. Bxc4 Bg4 12. h3 Bh5 13. g4 Bg6 14. Ne5 Nd7 15.
f4 b5 16. Nxg6 hxg6 17. Bb3 Nb6 18. Qf3 Qd7 19. f5 Nd5 20. fxg6 fxg6 21. Bxd5+
cxd5 22. Qxd5+ Kh7 23. Bf4 Rfd8 24. Bxd6 Qxd6 25. Qxd6 Rxd6 26. Rab1 a6 27. Rf3
Rc8 28. Kf2 Kh6 29. Ke2 Kg5 30. a4 Rb6 31. axb5 axb5 32. Kd3 Kh4 33. Rb4 g5 34.
d5 Rf6 35. Rxf6 gxf6 36. d6 Kxh3 37. d7 Rd8 38. Rd4 f5 39. gxf5 g4 40. f6 g3 41.
f7 g2 42. f8=Q Rxf8 43. d8=Q Rf3+ 44. Ke2 g1=Q 45. Qh4+ 1-0

[Event "Coppa del Mondo FIDE 2013"]
[Site "Tromsø"]
[Date "11.08.2013"]
[Round "1.1"]
[White "Christiansen, Larry M"]
[Black "Fressinet, Laurent"]
[Result "0-1"]
[WhiteTitle "GM"]
[BlackTitle "GM"]
[WhiteElo "2584"]
[BlackElo "2708"]
[WhiteFideId "2000059"]
[BlackFideId "608742"]
[EventDate "2013.08.11"]

1. e4 e5 2. Nf3 Nc6 3. Bb5 a6 4. Ba4 Nf6 5. O-O Be7 6. Re1 b5 7. Bb3 O-O 8. d4
d6 9. c3 Bg4 10. Be3 Bh5 11. Nbd2 d5 12. Qc1 exd4 13. cxd4 Nb4 14. Ne5 dxe4 15.
Nxe4 Nxe4 16. a3 c5 17. axb4 c4 18. Bc2 Nf6 19. Nc6 Qc7 20. Nxe7+ Qxe7 21. Bg5
Qd6 22. Bxf6 Qxf6 23. Re5 Bg6 24. Bxg6 hxg6 25. Qc3 Rfe8 26. g3 Qd6 27. Rae1
Rxe5 28. dxe5 Qd5 29. h4 Rd8 30. Re3 Qe6 31. Qc2 Rd4 32. Re1 Rd3 33. Qe2 Qd5 34.
Qg4 Rd2 35. e6 fxe6 36. Qxg6 Qf5 37. Qe8+ Kh7 38. Rf1 Rxb2 39. h5 c3 40. h6 Kxh6
41. Kg2 Qd5+ 42. Kg1 c2 0-1

[Event "Coppa del Mondo FIDE 2013"]
[Site "Tromsø"]
[Date "11.08.2013"]
[Round "1.1"]
[White "Riazantsev, Alexander"]
[Black "Felgaer, Ruben"]
[Result "1/2-1/2"]
[WhiteTitle "GM"]
[BlackTitle "GM"]
[WhiteElo "2700"]
[BlackElo "2586"]
[WhiteFideId "4125029"]
[BlackFideId "107069"]
[EventDate "2013.08.11"]

1. d4 d5 2. c4 c6 3. Nc3 dxc4 4. e3 b5 5. a4 b4 6. Ne4 Qd5 7. Ng3 Nf6 8. Be2 g6
9. Nf3 Ba6 10. O-O Bg7 11. Re1 O-O 12. Bf1 Ne4 13. Nxe4 Qxe4 14. Bd2 c5 15. Rc1
Qd5 16. e4 Qe6 17. d5 Qd7 18. Qc2 b3 19. Qb1 Qxa4 20. Bc3 Nd7 21. Bxg7 Kxg7 22.
Rc3 Nb6 23. Qc1 f6 24. Nd2 Rac8 25. Ree3 Qd7 26. Bxc4 Bxc4 27. Nxc4 e6 28. Rxb3
exd5 29. exd5 Qxd5 30. Rxb6 axb6 31. Nxb6 Qd6 32. Nxc8 Rxc8 33. g3 Rd8 34. Re1
Rd7 35. Qc4 Qd4 36. Qxd4 Rxd4 37. Re7+ Kg8 38. Rc7 Rb4 39. Rxc5 Rxb2 40. Rc7 Rd2 1/2-1/2

[Event "Coppa del Mondo FIDE 2013"]
[Site "Tromsø"]
[Date "11.08.2013"]
[Round "1.1"]
[White "Flores, Diego"]
[Black "Vallejo Pons, Francisco"]
[Result "0-1"]
[WhiteTitle "GM"]
[BlackTitle "GM"]
[WhiteElo "2578"]
[BlackElo "2706"]
[WhiteFideId "108049"]
[BlackFideId "2205530"]
[EventDate "2013.08.11"]

1. c4 e5 2. g3 Nc6 3. Bg2 Nf6 4. Nf3 Bc5 5. O-O d6 6. Nc3 O-O 7. d3 h6 8. a3 a6
9. b4 Ba7 10. Bb2 Be6 11. Rc1 Qd7 12. e3 Ng4 13. Nd5 Bxd5 14. cxd5 Ne7 15. d4 e4
16. Nd2 f5 17. Qb3 Nf6 18. f3 exf3 19. Rxf3 Nfxd5 20. g4 Kh8 21. gxf5 Rxf5 22.
Rg3 Raf8 23. Bh3 Qe8 24. e4 Rf2 25. Nf3 Rxb2 26. Qxb2 Nf6 27. Bg2 Nxe4 28. Rg4
Nf6 29. Rg3 Nf5 30. Rh3 Ng4 31. Qd2 Qg6 32. Rxc7 Nxd4 33. Kh1 Nxf3 34. Rxf3 Rxf3 0-1